Catalog

Record Details

Catalog Search



Psychologie : přehled základních oborů  Cover Image Book Book

Psychologie : přehled základních oborů / Milan Nakonečný

Summary:

Kniha Psychologie přináší přehled oborů základních psychologických věd v čele s obecnou psychologií. Tak se čtenář seznámí vedle hlavních témat obecné psychologie (vnímání, imaginace, myšlení, cítění a motivace) také se základy psychologie osobnosti, v níž autor klade důraz zejména na její dynamickou strukturu a funkce jáství (ega). Publikace obsahuje také úvod do sociální psychologie, zejména psychologické základy dyadických vztahů (tj. vztahů já-ty), dále úvod do vývojové psychologie s přehledem psychických zvláštností dětství, dospívání, adolescence, dospělosti a stáří, a konečně je čtenář uveden také do základů psychopatologie (přehled základních poruch psychické činnosti) a psychoterapie (základní metody a směry). Pro přehled v odborné terminologii je kniha na konci vybavena poměrně obsáhlým slovníčkem psychologických termínů. Nakladatelská anotace. Kráceno.
Přehled základních poznatků z oboru obecné, vývojové a sociální psychologie, psychologie osobnosti i psychopatologie.

Record details

  • ISBN: 978-80-7387-443-8 (váz.)
  • Physical Description: 863 s. : il. ; 24 cm
  • Edition: Vyd. 1.
  • Publisher: Praha : Triton, 2011

Content descriptions

General Note:
Terminologický slovník
Bibliography, etc. Note:
Obsahuje bibliografii, bibliografické odkazy a rejstříky
Subject: psychologie
psychology
Genre: učebnice
textbooks

Available copies

  • 1 of 1 copy available at Common Catalog SPOK.

Holds

  • 0 current holds with 1 total copy.
Show Only Available Copies
Location Call Number / Copy Notes Barcode Shelving Location Status Due Date
Jabok Library Psy-1.1 424480035965 Odborná literatura Available -

LDR 04446nam a2200973 a 4500
00119269
003CZ-PrJAB
00520150323112435.0
007ta
008111027s2011 xr a e p 001 0 cze
015 . ‡acnb002249424
020 . ‡a978-80-7387-443-8 (váz.)
035 . ‡a(CZ PrSKC)nkc20112249424
035 . ‡a(OCoLC)768560473
040 . ‡aBOA001 ‡bcze ‡dABA001
072 7. ‡a159.9 ‡xPsychologie ‡2Konspekt ‡917
072 7. ‡a37.016 ‡xUčební osnovy. Vyučovací předměty. Učebnice ‡2Konspekt ‡922
080 . ‡a159.9 ‡2MRF
080 . ‡a(075) ‡2MRF
1001 . ‡7jk01082681 ‡4aut ‡0(CZ-PrJAB)11 ‡aNakonečný, Milan, ‡d1932-
24510. ‡aPsychologie : ‡bpřehled základních oborů / ‡cMilan Nakonečný
250 . ‡aVyd. 1.
260 . ‡aPraha : ‡bTriton, ‡c2011
300 . ‡a863 s. : ‡bil. ; ‡c24 cm
500 . ‡aTerminologický slovník
504 . ‡aObsahuje bibliografii, bibliografické odkazy a rejstříky
520 . ‡aKniha Psychologie přináší přehled oborů základních psychologických věd v čele s obecnou psychologií. Tak se čtenář seznámí vedle hlavních témat obecné psychologie (vnímání, imaginace, myšlení, cítění a motivace) také se základy psychologie osobnosti, v níž autor klade důraz zejména na její dynamickou strukturu a funkce jáství (ega). Publikace obsahuje také úvod do sociální psychologie, zejména psychologické základy dyadických vztahů (tj. vztahů já-ty), dále úvod do vývojové psychologie s přehledem psychických zvláštností dětství, dospívání, adolescence, dospělosti a stáří, a konečně je čtenář uveden také do základů psychopatologie (přehled základních poruch psychické činnosti) a psychoterapie (základní metody a směry). Pro přehled v odborné terminologii je kniha na konci vybavena poměrně obsáhlým slovníčkem psychologických termínů. Nakladatelská anotace. Kráceno.
520 . ‡aPřehled základních poznatků z oboru obecné, vývojové a sociální psychologie, psychologie osobnosti i psychopatologie.
65007. ‡apsychologie ‡7ph115948 ‡2czenas
65009. ‡apsychology ‡2eczenas
655 7. ‡aučebnice ‡7fd133770 ‡2czenas
655 9. ‡atextbooks ‡2eczenas
910 . ‡aABG312
901 . ‡a19269 ‡b ‡c19269 ‡tbiblio

Additional Resources